Normal view MARC view

Entry Personal Name

Number of records used in: 1

001 - CONTROL NUMBER

  • control field: 234339

003 - CONTROL NUMBER IDENTIFIER

  • control field: OSt

005 - DATE AND TIME OF LATEST TRANSACTION

  • control field: 20250806162024.0

008 - FIXED-LENGTH DATA ELEMENTS

  • fixed length control field: 250806|| aca||aabn | a|a d

040 ## - CATALOGING SOURCE

  • Original cataloging agency: OSt
  • Transcribing agency: OSt

100 ## - HEADING--PERSONAL NAME

  • Personal name: H R Krishnaiah Gowda

670 ## - SOURCE DATA FOUND

  • Source citation: Work cat.: (OSt)221734: H R Krishnaiah Gowda, Prowda Karnataka Arthikate : Advanced Karnataka Economy , 2019